Capitals by Etymology - Statistics

General Stats
  • This quiz has been taken 937 times
    849 since last reset
  • The average score is 7 of 20
Answer Stats
Hint Region Answer % Correct
"Good airs" Americas Buenos Aires
96%
"Northern capital" Asia Beijing
74%
"City of Islam" Asia Islamabad
70%
"Red hero" Asia Ulaanbaatar
67%
"[Our Lady of] peace" Americas La Paz
58%
"Eastern capital" Asia Tokyo
58%
"Wind corner" Africa Windhoek
46%
"Wisdom" Europe Sofia
44%
"Meeting place" or "Woman's breasts" Oceania Canberra
27%
"Dark pool" Europe Dublin
22%
"Place of the east wind" Oceania Honiara
21%
"To trade" Americas Ottawa
19%
"South passage" or "South land" Oceania South Tarawa
19%
"The Vanquisher" or "The Conqueror" Africa Cairo
17%
"Place of fermented keyhole angelfish" Oceania Ngerulmud
13%
"Walling of the farmland" or "The Lady of the shining mountain" Americas Bogotá
9%
"[Area] below the little hill" Europe Podgorica
9%
"Cool [water]" Africa Nairobi
6%
"City of the palace" Europe Sarajevo
4%
"Broad" Africa Kigali
1%
No matching quizzes found
Score Distribution
Percent of People with Each Score
Percentile by Number Answered
Your Score History
You have not taken this quiz since the last reset